000 00474nam a2200181Ia 4500
003 GCL
008 140319s9999 xx 000 0 eng d
040 _aGCL /
_cGCL
082 0 4 _aCC
_b949.472
_bI O
100 1 _aITZKOWITZ,NORMAN
245 1 0 _aOTTOMAN EMPIRE AND ISLAMIC TREDATION /
_cITZKOWITZ,NORMAN
260 _a[S.N] :
_bALFRED A KNOPF ،
_c1972
300 _a117
650 0 4 _aالفلك الوصفى
650 0 4 _aHISTORY
650 0 4 _aTURKED
942 _2ddc
_cBK
999 _c12912
_d12912